| 000 | 00462nam a22001577a 4500 | ||
|---|---|---|---|
| 020 | _a9780521110020 | ||
| 082 | _a621.3822 MAN | ||
| 100 | _aManolakis, Dimitris G. | ||
| 245 | _aApplied Digital Signal Processing | ||
| 260 |
_aNew Delhi, India _bCambridge University Press _c2011 |
||
| 300 |
_axv, 991 p. _bill. ; |
||
| 500 | _aIncludes bibliographical references. | ||
| 650 | _aSignal processing--Digital techniques. | ||
| 700 | _aIngle, Vinay K. | ||
| 942 | _cBK | ||
| 999 |
_c12427 _d12427 |
||